00441nam a2200145Ia 4500008004100000020001800041041000800059082001800067100001700085245010100102250000600203260006100209300001000270650001500280210716s2014 xx 000 0 und d a9781259058813 aeng a658.4092 JOSP aJoseph, P T. aLeadership: styles and practices.bIdentifying attitudinal changes for becoming a better leader. a1 aNew DelhibTata McGraw Hill Publishing Company Ltdc2014 ax,256 aLeadership